00614cam a22002051 4500001001300000003000400013005001700017008004100034010001700075035002000092040002300112050002600135082001000161100002800171245006300199260007300262300002700335490002900362999001700391ca 36000096 DLC20260227111139.0890717s1936 maua 000 0 eng  aca 36000096  a(OCoLC)20018983 aDLCcRPBdRPBdDLC00aPS3503.A5587bG3 1936 a812.51 aBarbee, Lindsey,d1876-10aGay youth;ba comedy in three acts,cby Lindsey Barbee ... aBoston, Mass.,aLos Angeles, Cal.b[Walter H. Baker Company,cc1936] a100 p.bdiagr.c19 cm.0 aBaker's edition of plays c17979d17979